000 00454nam a22001457a 4500
999 _c1711
_d1711
008 200131b ||||| |||| 00| 0 eng d
020 _a9280112627
082 0 0 _a623.82450289
_bI339
100 _975
_aInternational Maritime Organization
245 1 0 _aInert gas systems /
_cby International Maritime Organization
260 _aLondon:
_bInternational Maritime Organization,
_c1990.
300 _av, 88 p.
650 0 _aTankers
_xSafety measures
942 _cBK